000 nam a22 a 4500
999 _c188796
_d188796
003 BLK
005 20221124103033.0
008 180411b bul|||||r ||||||| ||bul||
010 _aKNG00197815000
040 _aBLK
041 _aBUL
_cBUL
080 _aДиалекти. Териториални и местни наречия и говори. Диалектология. Лингвистична география
_b81`286
_x(497.2)
_z81`286(497.2)
139 _aЧуждестранни учени за югозападните български говори
_bЧ 94
245 1 0 _aЧуждестранни учени за югозападните български говори
_bСб. материали
_cсъстав. и ред. с предг. Кирил Спиридонов Мирчев.
257 _aBGR
260 _aСофия
_bБАН
_c1979
300 _a282 с.
_c25 см
380 _a80
500 _a1 500 тир.
650 4 _aБългарски език - диалекти
_9241883
700 1 _aМирчев, Кирил Спиридонов
_eсъстав. и ред. с предг.
_9369262
852 _aЦб 96782
_bЦб
856 4 _qpdf
_i0.00
_ldisable
856 4 _qpdf
_i0.00
_ldisable
942 _cKNG
_n0
_s1
944 _aCR
_c09.12.2016
_kПравда_Бадева
944 _aED
_c09.12.2016
_kПравда_Бадева
999 _d188796